[Event "ARM-ch (Women) 79th"]
[Site "Yerevan"]
[Date "2024.01.13"]
[Round "2"]
[White "Harutyunyan, Meline"]
[Black "Gasparyan, Milena"]
[Result "0-1"]
[WhiteElo "1536"]
[BlackElo "1802"]
[PlyCount "102"]
[EventDate "2024.01.12"]
[EventType "tourn"]
[EventRounds "9"]
[EventCountry "ARM"]
[SourceTitle "CB09_2024"]
[SourceDate "2024.02.28"]
[SourceVersion "1"]
[SourceVersionDate "2024.02.28"]
[SourceQuality "1"]

1. c4 Nf6 2. Nc3 c5 3. g3 g6 4. Bg2 Bg7 5. e4 d6 6. Nge2 Nc6 7. 0-0 e5 8. d3 0-0 9. f4 exf4 10. Bxf4 Ng4 11. h3 Nge5 12. a3 a6 13. Rb1 Rb8 14. b4 cxb4 15. axb4 b5 16. cxb5 axb5 17. Nd5 Be6 18. Nec3 Nd4 19. Be3 Nec6 20. Qd2 f5 21. Bh6 Qd7 22. Bxg7 Qxg7 23. Nf4 Bd7 24. Kh2 Kh8 25. exf5 Bxf5 26. Ne4 Rbd8 27. Qb2 Ne5 28. Kh1 Ndc6 29. Qc3 Ne7 30. Ng5 Qg8 31. d4 Rc8 32. Qe3 Bxb1 33. dxe5 Nf5 34. Qa3 Qa2 35. Qxa2 Bxa2 36. Kh2 dxe5 37. Nfe6 Bxe6 38. Nxe6 Rfe8 39. Ng5 h6 40. Ne4 Ne3 41. Rf7 Rf8 42. Rf3 Nxg2 43. Kxg2 Rc2+ 44. Nf2 Rxf3 45. Kxf3 Rxf2+ 46. Kxf2 Kg7 47. Ke3 Kf6 48. g4 g5 49. Kd3 Ke7 50. Ke3 Kd6 51. Ke4 Ke6 0-1